000 00313 a2200145 4500
001 178870
020 _a
040 _cMagnum
100 _aSaldanha, Paula
240 1 0 _aMisterios e assombracoes
_lpor
245 1 0 _aMisterios e assombracoes
362 0 _a1899
697 _aMAGNITO: IJ/CONFLITO
942 _cBK
999 _c178870
_d178870